000 00930nam a2200277 i 4500
003 DO-SdBNP
005 20240430100925.0
007 ta
008 240426s2018 dr a 000 0 spaeng d
020 _a9789945908275
040 _aDO-SdBNP
_bspa
_cBNPHU
_erda
082 4 _222
_bR457L
100 1 _aReyes Peña, Gladys A.
_937920
_eautora
245 1 0 _aLengua Española :
_baprendiendo con Tatica 1er. grado /
_cGladys A. Reyes Peña ; ilustraciones, Lía Sued
264 _aSanto Domingo :
_bCamilo SRL,
_c2018.
300 _a2 volumen :
_bilustraciones
_c21 cm.
336 _2rdacontent
_atexto
_btxt
337 _2rdamedia
_asin mediación
_bn
338 _2rdacarrier
_avolumen
_bnc
500 _avolumen 1 ; libro de texto, ; tomo 1 versión cursiva ; tomo 2, version scrip
521 _aPreescolar
590 _aInventariado, 2023/DG
700 1 _aSued, Lía,
_eilustraciones
_978178
910 _aDG
942 _2ddc
_cLBS1
999 _c56523
_d56523